[Event "ChInt Open"]
[Site "Paris "]
[Date "2008.07.03"]
[Round "6"]
[White "Malakhatko, Vadim"]
[Black "Romieux, Sebastien"]
[Result "1-0"]
[WhiteElo "2621"]
[BlackElo "2240"]
[PlyCount "61"]
[EventDate "2008.06.28"]
[EventType "swiss"]
[EventRounds "9"]
[EventCountry "FRA"]
[SourceDate "2008.07.08"]

1. d4 Nf6 2. c4 e6 3. Nf3 Bb4+ 4. Nbd2 O-O 5. a3 Be7 6. e4 d5 7. e5 Nfd7 8. b4
a5 9. b5 c5 10. Qc2 a4 11. Bb2 cxd4 12. cxd5 exd5 13. Bxd4 b6 14. Bd3 h6 15. e6
fxe6 16. Bh7+ Kh8 17. Bxg7+ Kxg7 18. Qg6+ Kh8 19. Qxh6 Rf7 20. Bf5+ Kg8 21.
Bxe6 Nf8 22. Bxf7+ Kxf7 23. O-O Qd6 24. Qh5+ Kg7 25. Rad1 Be6 26. Nc4 Qc5 27.
Nce5 Nbd7 28. Nd4 Qd6 29. Nxe6+ Qxe6 30. Nxd7 Nxd7 31. Rfe1 1-0

[Event "ChInt Open"]
[Site "Paris "]
[Date "2008.07.03"]
[Round "6"]
[White "Romanov, Evgeny"]
[Black "Jablonski, Noham"]
[Result "1-0"]
[WhiteElo "2547"]
[BlackElo "2260"]
[PlyCount "59"]
[EventDate "2008.06.28"]
[EventType "swiss"]
[EventRounds "9"]
[EventCountry "FRA"]
[SourceDate "2008.07.08"]

1. d4 d5 2. c4 e6 3. Nc3 Bb4 4. a3 Bxc3+ 5. bxc3 Nf6 6. Bg5 Nbd7 7. cxd5 exd5
8. e3 c5 9. f3 Qa5 10. Qd2 O-O 11. Bd3 b6 12. Ne2 Ba6 13. Bxa6 Qxa6 14. O-O
Rac8 15. Ng3 Rfe8 16. e4 cxd4 17. cxd4 dxe4 18. fxe4 Nxe4 19. Qf4 Nxg5 20. Qxg5
Nf8 21. Nf5 Ne6 22. Nh6+ Kh8 23. Nxf7+ Kg8 24. Qg4 b5 25. d5 Nf8 26. d6 Qc6 27.
Rad1 Re4 28. Qf5 Re6 29. Nh6+ gxh6 30. d7 1-0

[Event "ChInt Open"]
[Site "Paris "]
[Date "2008.07.03"]
[Round "6"]
[White "Bernard, Christophe"]
[Black "Sochacki, Wojtek"]
[Result "1-0"]
[WhiteElo "2361"]
[BlackElo "2245"]
[PlyCount "47"]
[EventDate "2008.06.28"]
[EventType "swiss"]
[EventRounds "9"]
[EventCountry "FRA"]
[SourceDate "2008.07.08"]

1. Nf3 Nf6 2. c4 e6 3. g3 b6 4. Bg2 Bb7 5. O-O Be7 6. Nc3 O-O 7. Re1 c5 8. e4
d6 9. d4 cxd4 10. Nxd4 a6 11. Be3 Qc7 12. Rc1 Nbd7 13. f4 Rac8 14. Bf2 Rfd8 15.
b3 Qb8 16. f5 e5 17. Nd5 Nxd5 18. exd5 Bg5 19. Nc6 Bxc6 20. dxc6 Bxc1 21. cxd7
Rxd7 22. Qxc1 d5 23. f6 Rc6 24. Qg5 1-0

[Event "ChInt Open"]
[Site "Paris "]
[Date "2008.07.03"]
[Round "6"]
[White "Salaun, Yann"]
[Black "Shchekachev, Andrei"]
[Result "1/2-1/2"]
[WhiteElo "2319"]
[BlackElo "2520"]
[PlyCount "80"]
[EventDate "2008.06.28"]
[EventType "swiss"]
[EventRounds "9"]
[EventCountry "FRA"]
[SourceDate "2008.07.08"]

1. e4 c5 2. c3 d5 3. exd5 Qxd5 4. d4 g6 5. Na3 cxd4 6. Nf3 Bg7 7. Nb5 Na6 8.
Be3 Nh6 9. Bxd4 Bxd4 10. Qxd4 Qxd4 11. Nfxd4 O-O 12. Be2 Bg4 13. f3 Bd7 14. Kf2
Rfd8 15. Rhd1 Nc5 16. b3 Kf8 17. Nc7 Rac8 18. Nd5 e5 19. Nc2 Be6 20. Nde3 f5
21. Nc4 Nf7 22. Nb2 a5 23. Rxd8+ Rxd8 24. Rd1 Rc8 25. Na3 Ke7 26. Bc4 e4 27.
Bxe6 Kxe6 28. Nac4 b5 29. Nxa5 Ne5 30. Ke2 g5 31. Rd4 exf3+ 32. gxf3 g4 33.
fxg4 Nxg4 34. a4 bxa4 35. bxa4 Ne5 36. Nac4 Nxa4 37. Nxe5 Nxb2 38. Nd3 Nxd3 39.
Rxd3 Ke5 40. Re3+ Kf4 1/2-1/2

[Event "ChInt Open"]
[Site "Paris "]
[Date "2008.07.03"]
[Round "6"]
[White "Guliyev, Namig"]
[Black "Sohier, Julien"]
[Result "1/2-1/2"]
[WhiteElo "2542"]
[BlackElo "2270"]
[PlyCount "143"]
[EventDate "2008.06.28"]
[EventType "swiss"]
[EventRounds "9"]
[EventCountry "FRA"]
[SourceDate "2008.07.08"]

1. e4 e6 2. d4 d5 3. Nc3 Bb4 4. e5 c5 5. a3 Bxc3+ 6. bxc3 Ne7 7. Qg4 O-O 8. Bd3
Nbc6 9. Qh5 Ng6 10. Nf3 Qc7 11. Be3 c4 12. Bxg6 fxg6 13. Qg4 Bd7 14. h4 Rf5 15.
Ng5 Raf8 16. Qe2 Qa5 17. Qd2 Rc8 18. g4 Rff8 19. Ke2 h6 20. Nh3 Be8 21. Nf4 Bf7
22. h5 gxh5 23. Nxh5 Bxh5 24. Rxh5 Qc7 25. Rah1 Qf7 26. R1h3 Ne7 27. g5 Nf5 28.
gxh6 Ng3+ 29. Rxg3 Qxh5+ 30. Kf1 Qh1+ 31. Rg1 Qh3+ 32. Ke1 Rc7 33. Kd1 Rf5 34.
Qe1 Qf3+ 35. Kc1 Rh5 36. Kb2 Kh7 37. Rg3 Rh1 38. Rxf3 Rxe1 39. a4 a5 40. Bg5
gxh6 41. Rh3 Rc6 42. Bd8 Rf1 43. Rf3 Rg1 44. Bxa5 Ra6 45. Bb4 Rxa4 46. Ba3 h5
47. Rf7+ Rg7 48. Rf6 Ra6 49. Bd6 Rb6+ 50. Kc1 Rg6 51. Rf7+ Kg8 52. Rf4 Ra6 53.
Kd2 Ra1 54. Be7 Rag1 55. Rf8+ Kg7 56. Rb8 Rb1 57. Ke3 Rg4 58. f3 Rg2 59. Bf6+
Kf7 60. Rd8 Rxc2 61. Rd7+ Kf8 62. Rd8+ Kf7 63. Rd7+ Kg8 64. Kf4 b5 65. Kg5 Rg1+
66. Kh6 Rxc3 67. f4 Rcg3 68. f5 exf5 69. Rd8+ Kf7 70. Rd7+ Ke8 71. Rd8+ Kf7 72.
Rd7+ 1/2-1/2

[Event "ChInt Open"]
[Site "Paris "]
[Date "2008.07.03"]
[Round "6"]
[White "Pham Minh Hoang"]
[Black "Mayaud, Raphael"]
[Result "1-0"]
[WhiteElo "2479"]
[BlackElo "2201"]
[PlyCount "83"]
[EventDate "2008.06.28"]
[EventType "swiss"]
[EventRounds "9"]
[EventCountry "FRA"]
[SourceDate "2008.07.08"]

1. d4 d5 2. c4 c6 3. Nc3 Nf6 4. Nf3 e6 5. Bg5 h6 6. Bxf6 Qxf6 7. e3 Nd7 8. Bd3
dxc4 9. Bxc4 g6 10. e4 e5 11. dxe5 Nxe5 12. Nxe5 Qxe5 13. Qb3 Qe7 14. a4 Bg7
15. O-O O-O 16. Rae1 Bxc3 17. bxc3 Be6 18. Bxe6 fxe6 19. f4 Qf7 20. Rd1 e5 21.
Qxf7+ Rxf7 22. f5 gxf5 23. Rxf5 Rxf5 24. exf5 Kf7 25. Rd6 h5 26. Rh6 Rd8 27.
Rxh5 Rd3 28. g4 Rxc3 29. Rh7+ Kf6 30. Rxb7 Kg5 31. Rg7+ Kf4 32. Kg2 Rc2+ 33.
Kh3 Rc3+ 34. Kh4 Rc2 35. h3 Rd2 36. f6 Rd8 37. Kh5 e4 38. f7 Rf8 39. Kg6 e3 40.
Rg8 e2 41. Rxf8 e1=Q 42. Re8 1-0

[Event "ChInt Open"]
[Site "Paris "]
[Date "2008.07.03"]
[Round "6"]
[White "Roos, Louis"]
[Black "Quezada, Yuniesky"]
[Result "1-0"]
[WhiteElo "2357"]
[BlackElo "2567"]
[PlyCount "140"]
[EventDate "2008.06.28"]
[EventType "swiss"]
[EventRounds "9"]
[EventCountry "FRA"]
[SourceDate "2008.07.08"]

1. c4 e5 2. Nc3 Nf6 3. g3 Nc6 4. Bg2 Bc5 5. e3 a6 6. Nge2 Ba7 7. b3 d6 8. d4
O-O 9. O-O exd4 10. Nxd4 Nxd4 11. exd4 Re8 12. Qd3 Rb8 13. a4 Be6 14. Bf4 Qd7
15. Rfe1 h6 16. Qd2 Nh5 17. Be3 Bh3 18. Bxh3 Qxh3 19. Nd5 Rbc8 20. a5 Qd7 21.
Qd1 Qf5 22. g4 Qg6 23. Qf3 c6 24. Kh1 cxd5 25. gxh5 Qe4 26. Qxe4 Rxe4 27. cxd5
Bxd4 28. Ra4 Rce8 29. Kg2 Bc3 30. Rb1 Rb4 31. Bb6 Re5 32. Rxb4 Bxb4 33. Rd1
Rg5+ 34. Kf3 Rxh5 35. Rd4 Rh3+ 36. Kg2 Rxb3 37. Rc4 Kh7 38. Rc7 Kg6 39. h3 Rd3
40. Rxb7 Rxd5 41. Ra7 Bxa5 42. Be3 Bd2 43. Bxd2 Rxd2 44. Rxa6 Kf6 45. Ra4 g6
46. Rf4+ Ke6 47. Re4+ Kf5 48. Re3 Rd4 49. Kg3 Re4 50. Ra3 d5 51. Ra7 f6 52. Rd7
Ke6 53. Rd8 h5 54. Kf3 Ra4 55. Re8+ Kf5 56. Re3 Rf4+ 57. Kg2 Rc4 58. Re8 Rc6
59. Kf3 Rc3+ 60. Kg2 d4 61. Re7 h4 62. Re8 g5 63. Rd8 Ke4 64. Rd6 Kd3 65. Rxf6
Kc2 66. Rd6 d3 67. Kf1 Rc5 68. Ke1 Re5+ 69. Kf1 d2 70. Rc6+ Kb3 1-0

[Event "ChInt Open"]
[Site "Paris "]
[Date "2008.07.03"]
[Round "6"]
[White "Lalic, Bogdan"]
[Black "Carlhammar, Magnus"]
[Result "1-0"]
[WhiteElo "2514"]
[BlackElo "2324"]
[PlyCount "101"]
[EventDate "2008.06.28"]
[EventType "swiss"]
[EventRounds "9"]
[EventCountry "FRA"]
[SourceDate "2008.07.08"]

1. d4 d5 2. c4 e6 3. Nc3 Be7 4. cxd5 exd5 5. Bf4 c6 6. e3 Bf5 7. Nge2 Nf6 8.
Ng3 Bg6 9. h4 h5 10. Bd3 Bxd3 11. Qxd3 g6 12. O-O-O Nbd7 13. e4 dxe4 14. Ngxe4
Nxe4 15. Nxe4 Nf6 16. Nxf6+ Bxf6 17. Qa3 Qd5 18. Rhe1+ Kd7 19. Be5 Be7 20. Qh3+
f5 21. Bxh8 Rxh8 22. b3 Bf6 23. Qg3 Rg8 24. Re5 Qd6 25. Ra5 a6 26. Qxd6+ Kxd6
27. g3 Re8 28. Ra4 Kd5 29. Rd2 Re4 30. Kc2 Rg4 31. Ra5+ Kd6 32. d5 c5 33. Ra4
Rxa4 34. bxa4 Bd4 35. a5 Kxd5 36. Re2 Be5 37. f4 Bc7 38. Re7 Bxa5 39. Rxb7 Be1
40. Rd7+ Kc4 41. Rd6 Bxg3 42. Rxg6 Bxh4 43. Rh6 Bg3 44. Rxh5 a5 45. Rxf5 Kd4
46. Rf8 Kd5 47. f5 Bf2 48. Re8 Bd4 49. Re6 Bg7 50. a4 Bf8 51. Ra6 1-0

[Event "ChInt Open"]
[Site "Paris "]
[Date "2008.07.04"]
[Round "7"]
[White "Mayaud, Raphael"]
[Black "Roos, Louis"]
[Result "1-0"]
[WhiteElo "2201"]
[BlackElo "2357"]
[PlyCount "101"]
[EventDate "2008.06.28"]
[EventType "swiss"]
[EventRounds "9"]
[EventCountry "FRA"]
[SourceDate "2008.07.08"]

1. d4 d5 2. Nf3 e6 3. c4 c6 4. Nc3 f5 5. Bf4 Nf6 6. e3 Be7 7. Bd3 O-O 8. Qc2
Ne4 9. Nd2 Na6 10. a3 Qa5 11. O-O Bd7 12. f3 Nxd2 13. Qxd2 dxc4 14. Bxc4 b5 15.
Be2 Nc7 16. Rfd1 Qb6 17. Rac1 Rac8 18. e4 a6 19. Be3 Qb7 20. Bg5 Bxg5 21. Qxg5
Rf6 22. e5 h6 23. Qh4 g5 24. Qf2 Rg6 25. f4 gxf4 26. Bf3 Kh7 27. Ne2 Nd5 28.
Bxd5 exd5 29. Nxf4 Rg5 30. h4 Rg4 31. Nh5 Kh8 32. Nf6 Rg6 33. Rc3 Be6 34. Rg3
Rxg3 35. Qxg3 Qf7 36. Qf4 Qf8 37. b4 Rc7 38. Rd3 Rf7 39. Rg3 Rxf6 40. exf6 Qxf6
41. Re3 Kg7 42. Qe5 Qxe5 43. Rxe5 Kf6 44. Kf2 Bd7 45. Ke3 Be6 46. Kf4 Bd7 47.
Re1 Be6 48. a4 bxa4 49. Ra1 Bd7 50. Rxa4 Bc8 51. Ra1 1-0

[Event "ChInt Open"]
[Site "Paris "]
[Date "2008.07.04"]
[Round "7"]
[White "Almeida Quintana, Omar"]
[Black "Bernard, Christophe"]
[Result "1/2-1/2"]
[WhiteElo "2527"]
[BlackElo "2361"]
[PlyCount "68"]
[EventDate "2008.06.28"]
[EventType "swiss"]
[EventRounds "9"]
[EventCountry "FRA"]
[SourceDate "2008.07.08"]

1. d4 Nf6 2. c4 g6 3. Nc3 d5 4. Bf4 Bg7 5. Rc1 O-O 6. e3 c5 7. dxc5 Be6 8. Nf3
Nc6 9. Ng5 Bg4 10. f3 e5 11. Bg3 d4 12. fxg4 dxc3 13. Qxd8 Raxd8 14. Rxc3 h6
15. Nf3 Ne4 16. Rb3 Rd7 17. Be2 Rfd8 18. O-O a6 19. Rb6 Nxg3 20. hxg3 e4 21.
Nh2 Rd2 22. Rf2 Rxb2 23. Nf1 g5 24. Rxb2 Bxb2 25. Bf3 exf3 26. Rxb2 fxg2 27.
Kxg2 Rd7 28. e4 Ne5 29. Ne3 Nd3 30. c6 bxc6 31. Rb6 Ne5 32. Rxa6 Rd2+ 33. Kf1
Nf3 34. Rxc6 Nh2+ 1/2-1/2

[Event "ChInt Open"]
[Site "Paris "]
[Date "2008.07.04"]
[Round "7"]
[White "Jablonski, Noham"]
[Black "Guliyev, Namig"]
[Result "0-1"]
[WhiteElo "2260"]
[BlackElo "2542"]
[PlyCount "82"]
[EventDate "2008.06.28"]
[EventType "swiss"]
[EventRounds "9"]
[EventCountry "FRA"]
[SourceDate "2008.07.08"]

1. e4 c5 2. Nf3 e6 3. d4 cxd4 4. Nxd4 Nf6 5. Nc3 d6 6. g4 h6 7. Bg2 Nc6 8. h3
Bd7 9. O-O a6 10. Be3 Ne5 11. Qe2 g5 12. f4 gxf4 13. Rxf4 Bg7 14. Raf1 Qe7 15.
Rxf6 Bxf6 16. Nf5 Qf8 17. Nxd6+ Qxd6 18. Rxf6 Qe7 19. Qf2 Rc8 20. Bxh6 Rg8 21.
Be3 Rg6 22. Rf4 b5 23. Bd4 f6 24. Qh4 Qg7 25. Rxf6 Qxf6 26. Qxf6 Rxf6 27. Bxe5
Rg6 28. Bd6 Bc6 29. Bf1 e5 30. Bc5 Bb7 31. b4 Rgc6 32. Bd3 Rxc5 33. bxc5 Rxc5
34. Ne2 Bc8 35. Kf2 b4 36. Nc1 Ke7 37. Nb3 Rc6 38. Kf3 Be6 39. h4 Bc4 40. Nc1
Bxd3 41. Nxd3 a5 0-1

[Event "ChInt Open"]
[Site "Paris "]
[Date "2008.07.04"]
[Round "7"]
[White "Carlhammar, Magnus"]
[Black "Maisuradze, Nino"]
[Result "0-1"]
[WhiteElo "2324"]
[BlackElo "2267"]
[PlyCount "90"]
[EventDate "2008.06.28"]
[EventType "swiss"]
[EventRounds "9"]
[EventCountry "FRA"]
[SourceDate "2008.07.08"]

1. d4 d5 2. c4 e6 3. Nf3 Nf6 4. g3 dxc4 5. Bg2 Nc6 6. Qa4 Bd7 7. Qxc4 Rc8 8.
O-O Na5 9. Qd3 c5 10. Nc3 c4 11. Qc2 b5 12. e4 b4 13. e5 bxc3 14. exf6 cxb2 15.
fxg7 bxa1=N 16. gxh8=Q Nxc2 17. Ng5 Ba4 18. d5 exd5 19. Qe5+ Qe7 20. Qxd5 Rc5
21. Qa8+ Qd8 22. Qxa7 Rxg5 23. Bxg5 Qxg5 24. Rd1 Be7 25. h4 Qf6 26. Qxa5 Bc6
27. Bxc6+ Qxc6 28. Qc3 Qe4 29. Rd2 Bb4 30. Qh8+ Ke7 31. Qd8+ Ke6 32. Qe8+ Be7
33. Qc8+ Kf6 34. Qh8+ Ke6 35. Qc8+ Kf6 36. Qh8+ Ke6 37. Kf1 Qe1+ 38. Kg2 Qxd2
39. Qc8+ Kf6 40. Qh8+ Ke6 41. Qc8+ Ke5 42. Qh8+ f6 43. Qb8+ Qd6 44. f4+ Kd4 45.
Qa7+ Kd3 0-1

[Event "ChInt Open"]
[Site "Paris "]
[Date "2008.07.04"]
[Round "7"]
[White "Moradiabadi, Elshan"]
[Black "David, Alberto"]
[Result "0-1"]
[WhiteElo "2499"]
[BlackElo "2562"]
[PlyCount "90"]
[EventDate "2008.06.28"]
[EventType "swiss"]
[EventRounds "9"]
[EventCountry "FRA"]
[SourceDate "2008.07.08"]

1. d4 Nf6 2. Nf3 g6 3. c4 Bg7 4. g3 O-O 5. Bg2 d5 6. cxd5 Nxd5 7. O-O Nb6 8.
Nc3 Nc6 9. e3 Re8 10. d5 Na5 11. Nd4 Bd7 12. e4 c6 13. b3 cxd5 14. exd5 Rc8 15.
Bb2 Nbc4 16. bxc4 Qb6 17. Rb1 Qxd4 18. Ne4 Qxd1 19. Rfxd1 Bxb2 20. Rxb2 Rxc4
21. h4 Bf5 22. Ng5 h6 23. Nf3 Bg4 24. d6 exd6 25. Rbd2 Rc3 26. Rd3 Rxd3 27.
Rxd3 Re6 28. Nd4 Re1+ 29. Kh2 Rd1 30. Rxd1 Bxd1 31. Nb5 Ba4 32. Nxa7 Bd7 33. g4
Bxg4 34. Nb5 Be6 35. Nxd6 b6 36. a3 Kf8 37. Kg3 Ke7 38. Nb5 Nc4 39. Bf1 Nd2 40.
Bd3 Bc4 41. Bxc4 Nxc4 42. h5 Kd7 43. hxg6 fxg6 44. f4 Nd6 45. Nd4 Nf5+ 0-1

[Event "ChInt Open"]
[Site "Paris "]
[Date "2008.07.04"]
[Round "7"]
[White "Rabeyrin, Jean Jacques"]
[Black "Debray, Christopher"]
[Result "1/2-1/2"]
[WhiteElo "2303"]
[BlackElo "2381"]
[PlyCount "87"]
[EventDate "2008.06.28"]
[EventType "swiss"]
[EventRounds "9"]
[EventCountry "FRA"]
[SourceDate "2008.07.08"]

1. e4 c5 2. Nf3 Nc6 3. d4 cxd4 4. Nxd4 g6 5. Nc3 Bg7 6. Be3 Nf6 7. Nxc6 bxc6 8.
e5 Ng8 9. Bd4 f6 10. exf6 Nxf6 11. Bc4 d5 12. Bb3 O-O 13. O-O Qd6 14. Bxf6 Bxf6
15. Nxd5 cxd5 16. Qxd5+ Qxd5 17. Bxd5+ Kg7 18. Bxa8 Ba6 19. Be4 Bxf1 20. Kxf1
Rb8 21. Rb1 Rxb2 22. Rxb2 Bxb2 23. Ke2 Kf6 24. Kd3 Ke5 25. f3 Kd6 26. Kc4 Bc1
27. Kb5 Be3 28. a4 Bg1 29. Ka6 Kc7 30. h4 Kb8 31. c4 Bf2 32. h5 gxh5 33. Bxh7
h4 34. Kb5 Kc7 35. c5 Bg1 36. Bg8 Bf2 37. Kc4 Bg1 38. Kd5 Bf2 39. Be6 Bg1 40.
Bf5 Bf2 41. c6 Be1 42. Be4 Bb4 43. Ke6 Bc5 44. Kf7 1/2-1/2

[Event "ChInt Open"]
[Site "Paris "]
[Date "2008.07.04"]
[Round "7"]
[White "Spielmann, Alain"]
[Black "Pham Minh Hoang"]
[Result "0-1"]
[WhiteElo "2308"]
[BlackElo "2479"]
[PlyCount "90"]
[EventDate "2008.06.28"]
[EventType "swiss"]
[EventRounds "9"]
[EventCountry "FRA"]
[SourceDate "2008.07.08"]

1. d4 Nf6 2. Nf3 e6 3. e3 b6 4. Bd3 Bb7 5. O-O Be7 6. c4 Ne4 7. Qc2 f5 8. Nbd2
Nxd2 9. Nxd2 O-O 10. b3 Bd6 11. f4 c5 12. Nf3 Nc6 13. a3 cxd4 14. exd4 Qc7 15.
Qd2 a5 16. d5 exd5 17. cxd5 Ne7 18. Ne5 Bxe5 19. fxe5 Bxd5 20. Bb2 Qc5+ 21. Kh1
Bxb3 22. Rf3 Be6 23. Raf1 Rf7 24. Qg5 Qd5 25. Rh3 Rc8 26. Qh5 g6 27. Qe2 f4 28.
Rh4 Rcf8 29. Be4 Qc4 30. Qxc4 Bxc4 31. Rd1 Be6 32. Rd6 Nc8 33. Rd2 Ne7 34. Rd6
Rb8 35. Kg1 Nc8 36. Rd2 b5 37. g3 fxg3 38. hxg3 Ne7 39. Rhh2 b4 40. axb4 Rxb4
41. Rhe2 a4 42. Ba3 Rb3 43. Bxe7 Rxg3+ 44. Kh2 Rh3+ 45. Kg2 Rxe7 0-1

[Event "ChInt Open"]
[Site "Paris "]
[Date "2008.07.04"]
[Round "7"]
[White "Bergez, Luc"]
[Black "Salaun, Yann"]
[Result "0-1"]
[WhiteElo "2367"]
[BlackElo "2319"]
[PlyCount "78"]
[EventDate "2008.06.28"]
[EventType "swiss"]
[EventRounds "9"]
[EventCountry "FRA"]
[SourceDate "2008.07.08"]

1. e4 c5 2. Nf3 Nc6 3. c3 e5 4. Bc4 Be7 5. d3 d6 6. O-O Nf6 7. Re1 O-O 8. Nbd2
Na5 9. Bb5 a6 10. Ba4 b5 11. Bc2 Qc7 12. Nf1 Re8 13. Ng3 g6 14. Bg5 Be6 15. b4
Nc6 16. Bb3 c4 17. dxc4 bxc4 18. Bc2 Rad8 19. Qc1 d5 20. Ba4 dxe4 21. Bxf6 Bxf6
22. Nxe4 Bg7 23. Qg5 Bd5 24. Nf6+ Bxf6 25. Qxf6 Re6 26. Qg5 Bxf3 27. gxf3 Ne7
28. Bc2 Nd5 29. Rad1 f6 30. Qg4 Red6 31. Rxd5 Rxd5 32. Qe6+ Kg7 33. Qxa6 R8d6
34. Qa3 Rd2 35. Qc1 Qa7 36. Rf1 Qxa2 37. Be4 f5 38. Bb1 Qb2 39. Qe1 Re2 0-1

[Event "ChInt Open"]
[Site "Paris "]
[Date "2008.07.05"]
[Round "8"]
[White "Salaun, Yann"]
[Black "Fedorchuk, Sergey A"]
[Result "0-1"]
[WhiteElo "2319"]
[BlackElo "2671"]
[PlyCount "80"]
[EventDate "2008.06.28"]
[EventType "swiss"]
[EventRounds "9"]
[EventCountry "FRA"]
[SourceDate "2008.07.08"]

1. d4 Nf6 2. Nf3 e6 3. e3 b6 4. Bd3 Bb7 5. O-O d5 6. b3 Bd6 7. Bb2 O-O 8. c4
Nbd7 9. Nc3 Re8 10. cxd5 exd5 11. Rc1 a6 12. Ne2 Ne4 13. Nf4 Qf6 14. g3 Re7 15.
Be2 Rae8 16. Rc2 Qh6 17. Nh4 g6 18. Bf3 Qf8 19. Nd3 f6 20. Bg2 Rg7 21. Kh1 Qe7
22. Re1 Nf8 23. Bc1 Qd7 24. Nf3 h5 25. Ng1 Rh7 26. f3 Ng5 27. h4 Nge6 28. Ne2
Ng7 29. Nf2 g5 30. Bh3 Qf7 31. Kg2 gxh4 32. gxh4 Ng6 33. Kh1 Nxh4 34. f4 Bc8
35. Bxc8 Rxc8 36. Rg1 Kh8 37. Qf1 Qe6 38. Ng3 Nf3 39. Rg2 h4 40. Ne2 Nh5 0-1

[Event "ChInt Open"]
[Site "Paris "]
[Date "2008.07.05"]
[Round "8"]
[White "Romieux, Sebastien"]
[Black "Guilleux, Fabien"]
[Result "1/2-1/2"]
[WhiteElo "2240"]
[BlackElo "2391"]
[PlyCount "40"]
[EventDate "2008.06.28"]
[EventType "swiss"]
[EventRounds "9"]
[EventCountry "FRA"]
[SourceDate "2008.07.08"]

1. e4 c5 2. Nf3 d6 3. d4 cxd4 4. Nxd4 Nf6 5. Nc3 a6 6. Bg5 e6 7. f4 Nbd7 8. Qf3
Qc7 9. O-O-O b5 10. Bd3 Bb7 11. Rhe1 Qb6 12. Nd5 Qxd4 13. Bxf6 gxf6 14. Bxb5
Qc5 15. Nxf6+ Kd8 16. Nxd7 Qxb5 17. Nxf8 Rxf8 18. Qa3 Rc8 19. Qxd6+ Ke8 20. Re3
Qc6 1/2-1/2

[Event "ChInt Open"]
[Site "Paris "]
[Date "2008.07.05"]
[Round "8"]
[White "Debray, Christopher"]
[Black "Leconte, Maria"]
[Result "1-0"]
[WhiteElo "2381"]
[BlackElo "2336"]
[PlyCount "67"]
[EventDate "2008.06.28"]
[EventType "swiss"]
[EventRounds "9"]
[EventCountry "FRA"]
[SourceDate "2008.07.08"]

1. g3 e5 2. c4 c5 3. Bg2 Nc6 4. d3 g6 5. Nc3 Bg7 6. Nf3 Nge7 7. O-O O-O 8. Rb1
Rb8 9. a3 a6 10. b4 cxb4 11. axb4 b5 12. cxb5 axb5 13. e4 d6 14. Be3 Nd4 15.
Ne2 Bg4 16. Bxd4 exd4 17. h3 Bxf3 18. Bxf3 Nc8 19. Ra1 Nb6 20. Ra5 Na4 21. Nf4
Be5 22. Nd5 Ra8 23. Rxb5 Qd7 24. Ra5 Rxa5 25. bxa5 Qb5 26. Qd2 Ra8 27. Nc7 Qxa5
28. Qxa5 Rxa5 29. Ra1 Ra7 30. Nd5 Ra6 31. Nb4 Ra8 32. Bd1 Nb6 33. Rxa8+ Nxa8
34. Nd5 1-0

[Event "ChInt Open"]
[Site "Paris "]
[Date "2008.07.05"]
[Round "8"]
[White "Payen, Arnaud"]
[Black "Almeida Quintana, Omar"]
[Result "1/2-1/2"]
[WhiteElo "2372"]
[BlackElo "2527"]
[PlyCount "87"]
[EventDate "2008.06.28"]
[EventType "swiss"]
[EventRounds "9"]
[EventCountry "FRA"]
[SourceDate "2008.07.08"]

1. d4 Nf6 2. Nf3 e6 3. e3 b6 4. Bd3 Bb7 5. O-O c5 6. c4 Be7 7. Nc3 O-O 8. d5
exd5 9. cxd5 d6 10. e4 Nbd7 11. h3 a6 12. a4 Qc7 13. b3 Ne8 14. Qc2 g6 15. Bb2
Bf6 16. Nd2 Ng7 17. Kh2 Rac8 18. Rac1 Bd4 19. Nf3 Bf6 20. Nd2 Qb8 21. Qb1 Rce8
22. Rce1 Qd8 23. Be2 Bd4 24. Nf3 Qf6 25. Nxd4 cxd4 26. Na2 Qf4+ 27. g3 Qxe4 28.
Qxe4 Rxe4 29. Bc4 Rxe1 30. Rxe1 Ne5 31. Rd1 b5 32. axb5 axb5 33. Be2 Bxd5 34.
Rxd4 Bxb3 35. Rxd6 Nf5 36. Bxe5 Re8 37. Bxb5 Rxe5 38. Rd8+ Kg7 39. Nc3 Rc5 40.
g4 Rxc3 41. gxf5 g5 42. Rd3 Rxd3 43. Bxd3 Kf6 44. Kg3 1/2-1/2

[Event "ChInt Open"]
[Site "Paris "]
[Date "2008.??.??"]
[Round "?"]
[White "Jablonski, Noham"]
[Black "Song, Julien"]
[Result "1-0"]
[WhiteElo "2260"]
[BlackElo "2214"]
[PlyCount "47"]
[EventDate "2008.06.28"]
[EventType "swiss"]
[EventRounds "9"]
[EventCountry "FRA"]
[SourceDate "2008.07.08"]

1. e4 e6 2. d4 d5 3. Nd2 c5 4. Ngf3 Nf6 5. e5 Nfd7 6. c3 Nc6 7. Nb3 Be7 8. Be3
cxd4 9. cxd4 a5 10. a3 a4 11. Nc1 Nb6 12. Bd3 Bd7 13. O-O Na5 14. Nd2 h5 15.
Ne2 Kf8 16. Nf4 g6 17. Qf3 Kg7 18. Qg3 Bh4 19. Qh3 Qe7 20. Nf3 g5 21. Nxh4 gxf4
22. Bxf4 Rag8 23. Bd2 f5 24. Bxa5 1-0

[Event "ChInt Open"]
[Site "Paris "]
[Date "2008.??.??"]
[Round "?"]
[White "Shchekachev, Andrei"]
[Black "Payen, Arnaud"]
[Result "0-1"]
[WhiteElo "2520"]
[BlackElo "2372"]
[PlyCount "58"]
[EventDate "2008.06.28"]
[EventType "swiss"]
[EventRounds "9"]
[EventCountry "FRA"]
[SourceDate "2008.07.08"]

1. Nf3 Nf6 2. c4 c6 3. d4 d5 4. Nc3 e6 5. Bg5 Nbd7 6. cxd5 exd5 7. e3 Be7 8.
Qc2 O-O 9. Bd3 Re8 10. O-O Nf8 11. h3 Be6 12. a3 Nh5 13. Bxe7 Qxe7 14. Rac1
Rad8 15. b4 a6 16. Na4 Qf6 17. Ne5 Qh6 18. Nc5 Re7 19. f4 Nf6 20. Rf3 Bc8 21.
g4 Ne8 22. Qg2 Ng6 23. Bxg6 hxg6 24. f5 gxf5 25. Rcf1 f6 26. Ned3 fxg4 27. hxg4
Qg5 28. Nf4 Nd6 29. Rh3 Rde8 0-1

[Event "ChInt Open"]
[Site "Paris "]
[Date "2008.??.??"]
[Round "?"]
[White "Almeida Quintana, Omar"]
[Black "Onkoud, Abdelaziz"]
[Result "1-0"]
[WhiteElo "2527"]
[BlackElo "2396"]
[PlyCount "159"]
[EventDate "2008.06.28"]
[EventType "swiss"]
[EventRounds "9"]
[EventCountry "FRA"]
[SourceDate "2008.07.08"]

1. d4 d5 2. Nf3 Nf6 3. c4 c6 4. Nc3 a6 5. c5 Nbd7 6. Bf4 Nh5 7. Be3 g6 8. g3
Bg7 9. Bg2 h6 10. Qd2 f5 11. O-O-O e6 12. h3 g5 13. h4 g4 14. Ne1 Qf6 15. Nd3
e5 16. dxe5 Nxe5 17. Nxe5 Qxe5 18. Na4 Be6 19. Kb1 Rd8 20. Bd4 Qxd4 21. Qxd4
Bxd4 22. Rxd4 Rf8 23. e3 Nf6 24. Rc1 Rd7 25. b3 Rdf7 26. Nb2 Re7 27. Nd3 Bf7
28. Kb2 Ne4 29. Rc2 Kd7 30. Nf4 h5 31. b4 Ra8 32. a4 Ree8 33. Bf1 Ra7 34. Bd3
Ke7 35. Kc1 Kf6 36. Kd1 Rg8 37. Ke1 Re8 38. Bf1 Rg8 39. Rd1 Rga8 40. Ne2 Be8
41. Nd4 Bd7 42. Bd3 Ke5 43. Kf1 Kf6 44. Kg2 Ke5 45. f3 gxf3+ 46. Nxf3+ Kf6 47.
Bxe4 fxe4 48. Nd4 Ke7 49. Rf1 Rf8 50. Rxf8 Kxf8 51. Rf2+ Kg7 52. a5 Ra8 53.
Nf5+ Bxf5 54. Rxf5 Kg6 55. Rg5+ Kh6 56. Re5 Rg8 57. Kh3 Rg7 58. Re6+ Kh7 59.
Rf6 Re7 60. Rd6 Rg7 61. b5 cxb5 62. Rxd5 Kg6 63. Rd6+ Kf5 64. Rh6 Rc7 65. Rxh5+
Kg6 66. Re5 Kf6 67. Rd5 b4 68. Kg4 b3 69. Rd6+ Ke5 70. Rb6 Rxc5 71. Rxb3 Rc7
72. h5 Rg7+ 73. Kh4 Kf5 74. Rc3 Rg4+ 75. Kh3 Rg7 76. g4+ Ke5 77. Kh4 Rd7 78.
Rc5+ Ke6 79. Kg5 Rd3 80. Kf4 1-0

[Event "ChInt Open"]
[Site "Paris "]
[Date "2008.??.??"]
[Round "?"]
[White "Spielmann, Alain"]
[Black "Salaun, Yann"]
[Result "0-1"]
[WhiteElo "2308"]
[BlackElo "2319"]
[PlyCount "78"]
[EventDate "2008.06.28"]
[EventType "swiss"]
[EventRounds "9"]
[EventCountry "FRA"]
[SourceDate "2008.07.08"]

1. Nf3 Nf6 2. c4 e6 3. Nc3 d5 4. e3 c5 5. d4 Nc6 6. a3 a6 7. Bd3 Be7 8. O-O O-O
9. cxd5 exd5 10. dxc5 Bxc5 11. b4 Ba7 12. b5 axb5 13. Nxb5 Bb8 14. Bb2 Qe7 15.
Rc1 Ne4 16. Be2 Rd8 17. Rc2 Ra6 18. Nbd4 Nxd4 19. Qxd4 Rg6 20. Ne5 Rg5 21. f4
Bxe5 22. fxe5 Bg4 23. Bd3 Be6 24. Rfc1 Rg4 25. Qb6 h5 26. Bd4 Ra8 27. Bxe4 dxe4
28. Bc5 Qg5 29. Qxb7 Rc8 30. Qb2 h4 31. Bd4 Ra8 32. Qb4 h3 33. Qb2 hxg2 34.
Rxg2 Rxa3 35. Rxg4 Qxg4+ 36. Qg2 Qh5 37. Qg3 Ra2 38. Rb1 Bh3 39. Kh1 Qf3+ 0-1